Datum a čas kvízu
17
Celkem bodů
Celkový počet nahraných bodů na tomto kvízu bez doplňovacích otázek.
13.
Pořadí na kvízu
Konečné umístění týmu na tomto kvízu.
Zaznamenané odpovědi
| # | Otázka | Odpověď | Body | Výsledky |
|---|---|---|---|---|
| 1. | Jistá velká česká společnost o... | 0 | ||
| 2. | Za přísných bezpečnostních opa... | 1 | ||
| 3. | Nejstreamovanější kapela roku... | 0 | ||
| 4. | Další výrobce luxusních vozů o... | 1 | ||
| 5. | Minulý týden probíhal v Londýn... | 1 | ||
| 5. | Jak se jmenuje vítězka páté řa... | 1 | ||
| 5. | Jak zní křestní jméno italskéh... | 0 | ||
| 8. | Česká snowboardistka Eva Samko... | 0 | ||
| 5. | Jak se jmenuje značka, s níž j... | 1 | ||
| 10. | Přiřaďte jména známých osobnos... | 1 |